00387nam a2200121 4500008004100000100001800041245006900059260000900128300001500137650002600152700002500178773006200203190723b ||||| |||| 00| 0 eng d aTelang, Vidya aFinancial engineering in India: (Economic and social perspective c2019 ap.142-151. afinancial engineering aGangrade, Shailendra aPrestige International Journal of Management and Research